| 000 | 00414nam a22001457a 4500 | ||
|---|---|---|---|
| 999 |
_c17317 _d17317 |
||
| 008 | 181022b xxu||||| |||| 00| 0 eng d | ||
| 020 | _a9351435549 | ||
| 050 |
_aKNS3760 _b.W37 2015 c.1 |
||
| 100 | _aWarrier, Vishnu S. | ||
| 245 |
_aArbitration, Conciliation and Mediation _cVishnu S. Warrier |
||
| 260 |
_aIndia _bLexis Nexis _c2015 |
||
| 300 | _aix, 259p. | ||
| 650 | _aArbitration and Award | ||
| 942 |
_2lcc _cBK |
||